00498 2200193 4500001002100000005001500021035002000036007000300056008004100059020002200100082000800122084001400130100001000144245004000154250001100194260004800205300003800253650001300291INLIS00000000000146820220718074511 a0010-0722000010ta220718 g 0 ind  a978-602-03-1281-1 a926 a926 G. b0 aG. Wu1 aBos For Kids :bBill Gates /cG. Wu aCet. 1 aJakarta :bPT Gramedia Pustaka Utama,c2015 a24 hlm. :bilus. ;c20 cm x 20 cm aBiografi